Score 0/197 Timer 01:00
162 Plays Today
% Correct
China
92%
India
90.9%
Russia
85%
Vietnam
84%
Nepal
83%
Laos
82.9%
Thailand
82.8%
Mongolia
81.3%
Japan
80.8%
Pakistan
80.5%
Cambodia
80%
United States of America
79.8%
Myanmar
79.4%
Indonesia
78.6%
Sri Lanka
77.8%
Bhutan
77%
Iran
76.8%
Malaysia
76.4%
Italy
76.3%
United Kingdom
75.7%
South Korea
75.5%
North Korea
75.3%
Singapore
75%
Australia
74.9%
Canada
74.7%
Afghanistan
74.7%
Iraq
74.5%
Taiwan
74.4%
Brazil
74.2%
Mexico
74.1%
Philippines
74.1%
France
74%
Egypt
73.8%
Turkey
73.6%
Kazakhstan
73.4%
Germany
73.3%
Spain
72.9%
Saudi Arabia
72.9%
South Africa
72.8%
Uzbekistan
72.6%
Maldives
72.6%
Oman
72.5%
Yemen
72.5%
Chad
72.4%
Brunei
72.4%
Panama
72.4%
Israel
72.3%
Ukraine
72.3%
United Arab Emirates
72.2%
Greece
72.1%
Turkmenistan
72.1%
Chile
71.9%
Poland
71.9%
Kyrgyzstan
71.9%
Peru
71.8%
Argentina
71.8%
Tajikistan
71.8%
Sudan
71.8%
Cuba
71.8%
Honduras
71.7%
Niger
71.7%
Sweden
71.7%
Jordan
71.7%
Guatemala
71.7%
Norway
71.7%
Austria
71.6%
% Correct
Finland
71.6%
Syria
71.6%
Qatar
71.6%
Belize
71.6%
New Zealand
71.6%
Costa Rica
71.5%
Kenya
71.5%
Ireland
71.5%
Nicaragua
71.5%
Colombia
71.5%
Morocco
71.5%
Iceland
71.5%
Mali
71.5%
Fiji
71.5%
Bahrain
71.5%
Madagascar
71.5%
Georgia
71.5%
Libya
71.5%
Democratic Republic of the Congo
71.5%
Portugal
71.4%
Kuwait
71.4%
Algeria
71.4%
Ghana
71.4%
Seychelles
71.4%
El Salvador
71.4%
Somalia
71.4%
Bolivia
71.4%
Azerbaijan
71.4%
Switzerland
71.3%
Timor-Leste
71.3%
Venezuela
71.3%
Ecuador
71.3%
Uruguay
71.3%
Jamaica
71.3%
Croatia
71.3%
Paraguay
71.3%
Lebanon
71.2%
Belgium
71.2%
Romania
71.2%
Denmark
71.2%
Togo
71.2%
Haiti
71.2%
Suriname
71.2%
Hungary
71.2%
Papua New Guinea
71.2%
Ethiopia
71.2%
Serbia
71.2%
Belarus
71.2%
Vatican City
71.2%
Congo
71.2%
Benin
71.2%
Armenia
71.1%
Angola
71.1%
Senegal
71.1%
Bulgaria
71.1%
Zambia
71.1%
Malta
71.1%
Lesotho
71.1%
Micronesia
71.1%
Andorra
71.1%
Palestine
71.1%
Central African Republic
71.1%
Albania
71.1%
Nigeria
71.1%
Cyprus
71.1%
Monaco
71.1%
% Correct
The Bahamas
71.1%
San Marino
71.1%
Netherlands
71.1%
Uganda
71.1%
Luxembourg
71.1%
Slovakia
71%
Cote d'Ivoire
71%
Burundi
71%
Slovenia
71%
Czechia
71%
Tunisia
71%
Dominica
71%
Estonia
71%
Djibouti
71%
Moldova
71%
Rwanda
71%
Latvia
71%
Guyana
71%
Liberia
71%
Eritrea
71%
Zimbabwe
71%
Guinea
71%
The Gambia
71%
Cameroon
71%
North Macedonia
71%
Kosovo
71%
Samoa
71%
Palau
71%
Namibia
71%
Comoros
70.9%
Liechtenstein
70.9%
Botswana
70.9%
Sierra Leone
70.9%
Mauritius
70.9%
Lithuania
70.9%
Gabon
70.9%
Tanzania
70.9%
Malawi
70.9%
Nauru
70.9%
Barbados
70.9%
South Sudan
70.9%
Mozambique
70.9%
Tonga
70.9%
Trinidad and Tobago
70.9%
Saint Lucia
70.9%
Kiribati
70.9%
Tuvalu
70.9%
Burkina Faso
70.9%
Montenegro
70.9%
St Kitts
70.9%
Dominican Republic
70.9%
Mauritania
70.9%
eSwatini
70.9%
Vanuatu
70.9%
Bosnia and Herzegovina
70.9%
Marshall Islands
70.9%
Solomon Islands
70.9%
Grenada
70.8%
St Vincent
70.8%
Antigua and Barbuda
70.8%
Cabo Verde
70.8%
Sao Tome and Principe
70.8%
Equatorial Guinea
70.8%
Guinea-Bissau
70.8%
Bangladesh
70.8%

You're not logged in!

Compare scores with friends on all Sporcle quizzes.
OR
Log In

Sporcle TV

Today on Sporcle TV


Watch our educational content, quiz creation guides, and fun videos on Sporcle TV.

Show Comments

Extras

Top Quizzes Today


Score Distribution

Paid Content

Your Account Isn't Verified!

In order to create a playlist on Sporcle, you need to verify the email address you used during registration. Go to your Sporcle Settings to finish the process.

Report this User

Report this user for behavior that violates our Community Guidelines.

Details: